[Event "NAM-ch"]
[Site "Windhoek"]
[Date "2024.01.13"]
[Round "5"]
[White "Heita, Junior Nafimane"]
[Black "Khoa, Lutopu"]
[Result "1-0"]
[WhiteElo "1368"]
[BlackElo "1582"]
[PlyCount "105"]
[EventDate "2024.01.11"]
[EventType "swiss"]
[EventRounds "7"]
[EventCountry "NAM"]
[SourceTitle "EXT 2025"]
[Source "ChessBase"]
[SourceDate "2024.10.14"]
[SourceVersion "1"]
[SourceVersionDate "2024.10.14"]
[SourceQuality "1"]

1. f4 Nf6 2. e3 Nc6 3. Nf3 d6 4. Bb5 Bd7 5. 0-0 g6 6. Nc3 Bg7 7. d3 0-0 8. Bxc6 Bxc6 9. e4 Bd7 10. Qe1 c5 11. Bd2 Bc6 12. Qf2 Qb6 13. Rab1 Rad8 14. h3 Qc7 15. g4 b5 16. f5 b4 17. Ne2 a5 18. Nf4 Nd7 19. fxg6 hxg6 20. h4 Ne5 21. Qg3 Qc8 22. Nxe5 Bxe5 23. Qh3 Bd7 24. Nd5 Rde8 25. h5 Bxg4 26. Qh4 Bh3 27. hxg6 Qg4+ 28. Qxg4 Bxg4 29. Bh6 Bg7 30. gxf7+ Rxf7 31. Rxf7 Kxf7 32. Bxg7 Kxg7 33. Rf1 Bh5 34. Nc7 Rg8 35. Rf2 Bf7 36. Rg2+ Kf8 37. Rxg8+ Kxg8 38. b3 Bh5 39. Nd5 Kf7 40. Kf2 e6 41. Ne3 Kf6 42. Ke1 Ke5 43. Nc4+ Kd4 44. Kd2 d5 45. exd5 Kxd5 46. Nxa5 Bf3 47. Nc4 Kd4 48. a4 Bb7 49. Nd6 Bc6 50. a5 Ke5 51. Nc4+ Kd4 52. a6 Kd5 53. a7 1-0